| Tag |
First Indicator |
Second Indicator |
Subfields |
| LEADER |
00000cgm a2200000Mi 4500 |
| 001 |
in00005547713 |
| 006 |
m o c |
| 007 |
cr |n||||||||a |
| 007 |
vz |za|z| |
| 008 |
210105s1990 tr 021 e o vneng d |
| 005 |
20241201230334.2 |
| 035 |
|
|
|a (OCoLC)on1251432991
|
| 040 |
|
|
|a ALSTP
|b eng
|e rda
|c ALSTP
|d OCLCO
|d OCLCF
|d OCLCO
|d OCLCL
|d OCLCQ
|
| 035 |
|
|
|a (OCoLC)1251432991
|
| 049 |
|
|
|a TXAM
|
| 245 |
0 |
0 |
|a UECS.
|n Tape 23.
|
| 264 |
|
1 |
|a Trinidad and Tobago :
|b Banyan Archive,
|c 1990.
|
| 300 |
|
|
|a 1 online resource (21 minutes)
|
| 306 |
|
|
|a 002014
|
| 336 |
|
|
|a two-dimensional moving image
|b tdi
|2 rdacontent
|
| 337 |
|
|
|a computer
|b c
|2 rdamedia
|
| 337 |
|
|
|a video
|b v
|2 rdamedia
|
| 338 |
|
|
|a online resource
|b cr
|2 rdacarrier
|
| 347 |
|
|
|a video file
|2 rda
|
| 500 |
|
|
|a Title from resource description page (viewed April 13, 2021).
|
| 520 |
|
|
|a Students talk to camera about Windward Islands political unity. Interviews with teachers on their views on Windward Islands political unity.
|
| 546 |
|
|
|a In English.
|
| 650 |
|
0 |
|a Social movements
|z Windward Islands (West Indies)
|
| 651 |
|
0 |
|a Windward Islands (West Indies)
|x Politics and government.
|
| 651 |
|
0 |
|a Windward Islands (West Indies)
|x Foreign relations.
|
| 650 |
|
6 |
|a Mouvements sociaux
|z Windward Islands (Antilles)
|
| 651 |
|
6 |
|a Windward Islands (Antilles)
|x Relations extérieures.
|
| 650 |
|
7 |
|a Diplomatic relations.
|2 fast
|0 (OCoLC)fst01907412
|
| 650 |
|
7 |
|a Politics and government.
|2 fast
|0 (OCoLC)fst01919741
|
| 650 |
|
7 |
|a Social movements.
|2 fast
|0 (OCoLC)fst01122657
|
| 651 |
|
7 |
|a Windward Islands.
|2 fast
|0 (OCoLC)fst01243427
|1 https://id.oclc.org/worldcat/entity/E39PBJgt3XyryQvH6Bf7tBP4v3
|
| 655 |
|
2 |
|a Documentaries and Factual Films
|
| 655 |
|
7 |
|a Documentary films.
|2 fast
|0 (OCoLC)fst01710390
|
| 655 |
|
7 |
|a Documentary films.
|2 lcgft
|
| 655 |
|
7 |
|a Documentaires.
|2 rvmgf
|
| 710 |
2 |
|
|a Banyan Archives,
|e production company,
|e publisher.
|
| 856 |
4 |
0 |
|u http://proxy.library.tamu.edu/login?url=https://www.aspresolver.com/aspresolver.asp?MARC;3267509
|z Connect to this streaming video (Alexander Street Press)
|t 0
|
| 955 |
|
|
|a Alexander Street Press subscription streaming video
|
| 994 |
|
|
|a 92
|b TXA
|
| 999 |
f |
f |
|s 1c2c953b-a163-4fe1-aded-c1e1103faebf
|i 5ac2dd29-59a3-4b36-ab32-4b0cb46fd111
|t 0
|
| 952 |
f |
f |
|a Texas A&M University
|b College Station
|c Electronic Resources
|d Available Online
|t 0
|h Library of Congress classification
|
| 998 |
f |
f |
|t 0
|l Available Online
|